Viruses in food : (Record no. 12226)

000 -LEADER
fixed length control field 01076cam a22003137a 4500
020 ## - INTERNATIONAL STANDARD BOOK NUMBER
ISBN 9789251061176 (pbk. : FAO)
020 ## - INTERNATIONAL STANDARD BOOK NUMBER
ISBN 9251061173 (pbk. : FAO)
020 ## - INTERNATIONAL STANDARD BOOK NUMBER
ISBN 9789241563772 (pbk. : WHO)
020 ## - INTERNATIONAL STANDARD BOOK NUMBER
ISBN 924156377X (pbk. : WHO)
040 ## - CATALOGING SOURCE
Transcribing agency UKM
082 04 - DEWEY DECIMAL CLASSIFICATION NUMBER
Classification number 664 WOR 2008 A040 Or.
245 00 - TITLE STATEMENT
Title Viruses in food :
Remainder of title scientific advice to support risk management activities : meeting report.
260 ## - PUBLICATION, DISTRIBUTION, ETC. (IMPRINT)
Place of publication Geneva :
Name of publisher World Health Organization ;
Place of publication Rome :
Name of publisher Food and Agriculture Organization of the United Nations ;
-- World Health Organization,
Year of publication 2008.
300 ## - PHYSICAL DESCRIPTION
Number of Pages xvi, 58 p. :
Other physical details map ;
Dimensions 26 cm.
490 1# - SERIES STATEMENT
Series statement Microbiological risk assessment series,
650 #0 - SUBJECT ADDED ENTRY--TOPICAL TERM
Topical Term Viruses
650 #0 - SUBJECT ADDED ENTRY--TOPICAL TERM
Topical Term Food
650 #0 - SUBJECT ADDED ENTRY--TOPICAL TERM
Topical Term Food contamination
650 12 - SUBJECT ADDED ENTRY--TOPICAL TERM
Topical Term Food Contamination
650 12 - SUBJECT ADDED ENTRY--TOPICAL TERM
Topical Term Virus Diseases
650 12 - SUBJECT ADDED ENTRY--TOPICAL TERM
Topical Term Virus Diseases
650 12 - SUBJECT ADDED ENTRY--TOPICAL TERM
Topical Term Viruses
650 22 - SUBJECT ADDED ENTRY--TOPICAL TERM
Topical Term Food Handling
650 22 - SUBJECT ADDED ENTRY--TOPICAL TERM
Topical Term Food Microbiology
650 22 - SUBJECT ADDED ENTRY--TOPICAL TERM
Topical Term Risk Assessment
710 2# - ADDED ENTRY--CORPORATE NAME
Corporate name or jurisdiction name as entry element Food and Agriculture Organization of the United Nations.
710 2# - ADDED ENTRY--CORPORATE NAME
Corporate name or jurisdiction name as entry element World Health Organization.
942 ## - ADDED ENTRY ELEMENTS (KOHA)
Koha item type សៀវភៅភាសាអង់គ្លេស
952 ## - LOCATION AND ITEM INFORMATION (KOHA)
Withdrawn status [LOCAL, KOHA] 0
Holdings
Permanent Location Date acquired Koha item type Lost status Shelving location Barcode Current Location Full call number
Library Block A2017-08-11សៀវភៅភាសាអង់គ្លេស A040A26149Library Block A664 WOR 2008 A040 Or.
មជ្ឈមណ្ឌលឯការនៃសាកលវិទ្យាល័យភូមិន្ទកសិកម្មចំការដូង

Powered by Koha